Predpoklady zmien a rozvoja vysokoškolského vzdelávania v kontexte medzinárodných výskumov a odporúčaní európskych komisií a konferencií

Predikcia celosvetového dopytu po vysokoškolskom vzdelávaní. Indikátory kvality univerzít v medzinárodných výskumuch. Transformácia vysokoškolského vzdelávania v Európe po roku 1999.

Na minha lista:
Detalhes bibliográficos
Autor principal: Varcholová, Tatiana
Outros Autores: Dubovická, Lenka
Formato: Capítulo de Livro
Idioma:eslovaco
Assuntos:
Tags: Adicionar Tag
Sem tags, seja o primeiro a adicionar uma tag!

MARC

LEADER 00000naa$a2200000$$$4500
001 0040350
005 20240502071508.0
041 0 |a slo 
044 |a SK 
245 1 0 |a Predpoklady zmien a rozvoja vysokoškolského vzdelávania v kontexte medzinárodných výskumov a odporúčaní európskych komisií a konferencií  |c Tatiana Varcholová, Lenka Dubovická 
520 |a Predikcia celosvetového dopytu po vysokoškolskom vzdelávaní. Indikátory kvality univerzít v medzinárodných výskumuch. Transformácia vysokoškolského vzdelávania v Európe po roku 1999. 
610 2 0 |a vzdelávanie vysokoškolské 
610 2 0 |a kvalita 
610 2 0 |a univerzity 
610 2 0 |a výskum 
610 2 0 |a ukazovatele 
610 2 0 |a Európa 
610 2 0 |a školy vysoké 
610 2 0 |a rating 
100 1 |a Varcholová, Tatiana 
700 1 |a Dubovická, Lenka